000 00656nam a22002417a 4500
003 OSt
005 20140310183024.0
008 130215t xxu||||| |||| 00| 0 eng d
020 _a9710870149
050 _aH62
_b.L351 2011
082 _aFIL 808.02
_bL351 2011
245 _aResearch writing for beginners
_cLatada, Mabel S. Sustiverio
260 _aMandaluyong City, Philippines
_bNational Book Store
_c2011
300 _axiv, 134 p.
_bill.
_c22.1 cm.
521 _acollege students
526 _c1210L-1700L
541 _j1
541 _j2
541 _j3
541 _j4
562 _e4
942 _2lcc
_cBK
_kFIL
999 _c18398
_d18398